000 00554nam a22001937a 4500
003 KOHA_MİRAKIL
005 20251013083622.0
008 251013b tu ||||| |||| 00| 0 tur d
020 _a9786055290337
040 _aTR-AnABB
_btur
_cTR-AnABB
041 _atur
082 _a863.64
_bJAU 2016
100 1 _aJauregui, Jose Antonio,
245 1 0 _aİnsanlar sanık sandalyesinde /
_cJose Antonio Jauregui
260 _aAnkara :
_bYurt Kitap,
_c2016
300 _a191 sayfa ;
_c21 cm
650 0 4 _aİspanyol edebiyatı, roman
942 _2ddc
_cBK
999 _c9116
_d9116
900 _bGizem YORULMAZ